Maritime societies, fisheries law and institutions in the Western Mediterranean : A summary of collective rights and decentralized systems of professional discipline
Đã lưu trong:
| 主要作者: | |
|---|---|
| 格式: | 图书 |
| 语言: | Undetermined |
| 出版: |
Rome, Italy
FAO
2004
|
| 主题: | |
| 标签: |
添加标签
没有标签, 成为第一个标记此记录!
|
| Thư viện lưu trữ: | Trung tâm Học liệu Trường Đại học Cần Thơ |
|---|
| LEADER | 00637nam a2200193Ia 4500 | ||
|---|---|---|---|
| 001 | CTU_69531 | ||
| 008 | 210402s9999 xx 000 0 und d | ||
| 082 | |a 341.5622 | ||
| 082 | |b F345 | ||
| 100 | |a Féral, F. | ||
| 245 | 0 | |a Maritime societies, fisheries law and institutions in the Western Mediterranean : | |
| 245 | 2 | |b A summary of collective rights and decentralized systems of professional discipline | |
| 245 | 0 | |c F. Féral | |
| 260 | |a Rome, Italy | ||
| 260 | |b FAO | ||
| 260 | |c 2004 | ||
| 650 | |a Maritime law,Fishery law and legislation | ||
| 904 | |i Minh, Năm | ||
| 980 | |a Trung tâm Học liệu Trường Đại học Cần Thơ | ||